000 00755nam a2200253Ia 4500
001 dia_2468
003 CHAP
005 20231027112120.0
008 220117s2002 xx 000 0 und d
010 _a172991
040 _cCHAP
082 _a664 L6
100 _aLomas Esteban, María del Carmen
_9152960
245 _aIntroducción al Cálculo de los Procesos Tecnológicos de los Alimentos /
_c por María del Carmen Lomas Esteban
260 _aZaragoza (España) :
_b Acribia,
_c2002
300 _a229 p.
500 _aC/e
650 _a1.Tecnología de alimentos/
_9152961
650 _aAlimentos
_94114
901 _a664 L6
902 _aM
905 _a0000002002 ZARA 0000000000ESP00
942 _cLIBRO
_2ddc
999 _c172991
_d172991